[Event "Medellin Raza op 9th"]
[Site "Medellin"]
[Date "2019.10.13"]
[Round "5"]
[White "Chirivi Castiblanco, Angie Lizeth"]
[Black "Posada, Juan Manuel"]
[Result "1-0"]
[WhiteElo "1997"]
[BlackElo "2191"]
[PlyCount "75"]
[EventDate "2019.10.11"]
[EventType "swiss"]
[EventRounds "8"]
[EventCountry "COL"]
[SourceTitle "CBM 192 Extra"]
[Source "Chessbase"]
[SourceDate "2019.11.06"]
[SourceVersion "1"]
[SourceVersionDate "2019.11.06"]
[SourceQuality "1"]

1. Nf3 Nf6 2. g3 g6 3. Bg2 d5 4. b3 Bg7 5. Bb2 0-0 6. 0-0 c5 7. d4 Nc6 8. Nbd2 Ne4 9. e3 Bf5 10. Nh4 cxd4 11. Nxf5 Nxd2 12. Qxd2 dxe3 13. Nxe3 Bxb2 14. Rab1 Bg7 15. Qxd5 Qc7 16. Qc4 Rac8 17. Rbd1 Qa5 18. a4 Nd4 19. Qd3 Rfd8 20. Qe4 e6 21. Qxb7 Rc7 22. Qe4 f5 23. Qh4 Rcd7 24. Kh1 h6 25. Rd3 e5 26. c3 e4 27. Rxd4 Bxd4 28. cxd4 Kg7 29. d5 Qc3 30. Qf4 Qxb3 31. Qe5+ Kh7 32. h4 Qxa4 33. h5 Qa6 34. Bh3 Kg8 35. hxg6 Qxg6 36. Bxf5 Re8 37. Be6+ Kh7 38. Ng4 1-0

[Event "Medellin Raza op 9th"]
[Site "Medellin"]
[Date "2019.10.11"]
[Round "2"]
[White "Posada, Juan Manuel"]
[Black "Herrera, Milena"]
[Result "0-1"]
[WhiteElo "2191"]
[BlackElo "2035"]
[PlyCount "46"]
[EventDate "2019.10.11"]
[EventType "swiss"]
[EventRounds "8"]
[EventCountry "COL"]
[SourceTitle "CBM 192 Extra"]
[Source "Chessbase"]
[SourceDate "2019.11.06"]
[SourceVersion "1"]
[SourceVersionDate "2019.11.06"]
[SourceQuality "1"]

1. Nf3 c5 2. c4 b6 3. Nc3 e6 4. e4 d6 5. g3 Bb7 6. Bg2 a6 7. d4 cxd4 8. Nxd4 Qc7 9. 0-0 Nf6 10. Bg5 Nbd7 11. f4 Be7 12. Rc1 0-0 13. b4 Rac8 14. Re1 Ba8 15. e5 dxe5 16. fxe5 Nxe5 17. Bf4 Nfd7 18. Bxa8 Rxa8 19. Qh5 Qxc4 20. Ncb5 Qxb4 21. a3 Qa4 22. Bxe5 Nxe5 23. Qxe5 axb5 0-1

[Event "Medellin Aristizabal Cup"]
[Site "Medellin"]
[Date "2019.01.24"]
[Round "2"]
[White "Uribe Valencia, Victor Alexis"]
[Black "Posada, Juan Manuel"]
[Result "0-1"]
[WhiteElo "1878"]
[BlackElo "2178"]
[PlyCount "72"]
[EventDate "2019.01.24"]
[EventType "swiss"]
[EventRounds "7"]
[EventCountry "COL"]
[SourceTitle "EXT 2020"]
[Source "ChessBase"]
[SourceDate "2019.10.17"]
[SourceVersion "1"]
[SourceVersionDate "2019.10.17"]
[SourceQuality "1"]

1. e4 c5 2. Nf3 d6 3. d4 cxd4 4. Nxd4 Nf6 5. Nc3 a6 6. f3 e5 7. Nb3 Be6 8. Be3 Be7 9. Qd2 h5 10. Nd5 Nxd5 11. exd5 Bf5 12. Bd3 Bxd3 13. Qxd3 Nd7 14. 0-0-0 Bg5 15. Kb1 Bxe3 16. Qxe3 0-0 17. h4 f5 18. Qg5 Qxg5 19. hxg5 g6 20. g4 fxg4 21. fxg4 hxg4 22. Rdg1 Rf4 23. Rh4 Raf8 24. Rhxg4 Rxg4 25. Rxg4 Rf1+ 26. Nc1 Nc5 27. b4 Na4 28. c4 b5 29. Kc2 Rf2+ 30. Kd1 Nb2+ 31. Ke1 Rc2 32. cxb5 Rxc1+ 33. Kd2 Rc4 34. Rxc4 Nxc4+ 35. Kc3 axb5 36. a4 Nb6 0-1

[Event "COL-chB U2200"]
[Site "Antioquia"]
[Date "2018.12.07"]
[Round "2"]
[White "Franco, William"]
[Black "Posada, Juan Manuel"]
[Result "1-0"]
[WhiteElo "2072"]
[BlackElo "2198"]
[PlyCount "119"]
[EventDate "2018.12.06"]
[EventType "swiss"]
[EventRounds "7"]
[EventCountry "COL"]
[SourceTitle "CBM 190 Extra"]
[Source "ChessBase"]
[SourceDate "2019.07.15"]
[SourceVersion "1"]
[SourceVersionDate "2019.07.15"]
[SourceQuality "1"]

1. c4 Nf6 2. g3 d5 3. cxd5 Nxd5 4. d4 g6 5. Nc3 Nb6 6. Bg2 Bg7 7. e3 0-0 8. Nge2 Nc6 9. 0-0 e5 10. d5 Na5 11. b3 c6 12. e4 cxd5 13. exd5 Bf5 14. h3 h5 15. Be3 Rc8 16. Rc1 Qd7 17. Kh2 Rfd8 18. Qd2 Qe8 19. Rfd1 Nc6 20. Nb5 e4 21. Nf4 Be5 22. Qe2 Bxf4 23. dxc6 Bxe3 24. Rxd8 Rxd8 25. Qxe3 Rd3 26. Qc5 Rd5 27. Qb4 a5 28. Nc7 axb4 29. Nxe8 Rd8 30. Nf6+ Kg7 31. c7 Rd4 32. Nxe4 Bxe4 33. Bxe4 Rxe4 34. c8Q Nxc8 35. Rxc8 Re2 36. Kg2 Rxa2 37. Rc4 Rd2 38. Rxb4 Rd7 39. Rb6 Rc7 40. h4 Rd7 41. Kf1 Re7 42. f3 Re3 43. Kf2 Re7 44. g4 hxg4 45. fxg4 Kh7 46. Kf3 Kg7 47. Kf4 Kh6 48. Rb4 Kg7 49. Rb5 Kf6 50. h5 Kg7 51. Kg5 f6+ 52. Kf4 Rc7 53. Rb6 gxh5 54. gxh5 Rd7 55. Ke4 Re7+ 56. Kd4 Kf7 57. Rd6 Kg7 58. b4 Kh6 59. Rxf6+ Kxh5 60. Kc5 1-0

[Event "COL-ch U26"]
[Site "Medellin"]
[Date "2018.10.20"]
[Round "5"]
[White "Posada, Juan Manuel"]
[Black "Salcedo Perez, Pablo Esteban"]
[Result "1-0"]
[WhiteElo "2182"]
[BlackElo "2209"]
[PlyCount "55"]
[EventDate "2018.10.18"]
[EventType "swiss"]
[EventRounds "6"]
[EventCountry "COL"]
[SourceTitle "CBM 187 Extra"]
[Source "ChessBase"]
[SourceDate "2018.11.04"]
[SourceVersion "1"]
[SourceVersionDate "2018.11.04"]
[SourceQuality "1"]

1. e4 c5 2. Nf3 d6 3. d4 cxd4 4. Nxd4 Nf6 5. Nc3 a6 6. Bg5 Nbd7 7. f4 Qc7 8. Qe2 e6 9. 0-0-0 Be7 10. g4 b5 11. Bg2 Bb7 12. h4 b4 13. Nb1 0-0 14. Bxf6 Bxf6 15. g5 Bxd4 16. Rxd4 a5 17. Rhd1 d5 18. exd5 exd5 19. Bxd5 Bxd5 20. Rxd5 Qxf4+ 21. Qd2 Qxd2+ 22. Nxd2 Nb6 23. Rb5 Rfb8 24. h5 Nd7 25. Rxb8+ Nxb8 26. Nc4 Nc6 27. Rd6 Rc8 28. Nb6 1-0

[Event "Medellin Flores op 25th"]
[Site "Medellin"]
[Date "2018.08.06"]
[Round "6"]
[White "Vargas Arteaga, Alexis"]
[Black "Posada, Juan Manuel"]
[Result "1-0"]
[WhiteElo "2240"]
[BlackElo "2158"]
[PlyCount "57"]
[EventDate "2018.08.03"]
[EventType "swiss"]
[EventRounds "9"]
[EventCountry "COL"]
[SourceTitle "CBM 185 Extra"]
[Source "ChessBase"]
[SourceDate "2018.07.29"]
[SourceVersion "1"]
[SourceVersionDate "2018.07.29"]
[SourceQuality "1"]

1. d4 Nf6 2. c4 g6 3. f3 Bg7 4. e4 d6 5. Nc3 0-0 6. Be3 c5 7. d5 e6 8. Qd2 exd5 9. cxd5 a6 10. a4 Qa5 11. Ra3 Nbd7 12. Nh3 Ne5 13. Nf2 Qb4 14. Na2 Qxd2+ 15. Kxd2 Bd7 16. Nc3 b5 17. axb5 axb5 18. Nxb5 Rab8 19. Nxd6 Rxb2+ 20. Kc1 Rfb8 21. Nd1 R2b6 22. Nc4 Nxc4 23. Bxc4 Rb1+ 24. Kc2 R1b4 25. Kd3 Rxc4 26. Kxc4 Bb5+ 27. Kb3 Bf1+ 28. Kc2 Bxg2 29. Bf4 1-0

[Event "Medellin Flores op 25th"]
[Site "Medellin"]
[Date "2018.08.05"]
[Round "5"]
[White "Posada, Juan Manuel"]
[Black "Mateus Urbano, Luis Alejandro"]
[Result "1/2-1/2"]
[WhiteElo "2158"]
[BlackElo "2327"]
[PlyCount "97"]
[EventDate "2018.08.03"]
[EventType "swiss"]
[EventRounds "9"]
[EventCountry "COL"]
[SourceTitle "CBM 185 Extra"]
[Source "ChessBase"]
[SourceDate "2018.07.29"]
[SourceVersion "1"]
[SourceVersionDate "2018.07.29"]
[SourceQuality "1"]

1. e4 Nf6 2. Nc3 d5 3. exd5 Nxd5 4. Bc4 Nb6 5. Bb3 Nc6 6. Qh5 g6 7. Qf3 e6 8. Nge2 Bg7 9. d3 Na5 10. 0-0 0-0 11. Qg3 Nxb3 12. axb3 e5 13. f4 Re8 14. fxe5 Bxe5 15. Bf4 Qe7 16. Rae1 Bd7 17. d4 Bxf4 18. Nxf4 Qb4 19. Qf2 Rxe1 20. Rxe1 Re8 21. Rxe8+ Bxe8 22. Nfd5 Nxd5 23. Nxd5 Qa5 24. Nf6+ Kf8 25. Qe3 Qa1+ 26. Kf2 Bb5 27. Qh6+ Ke7 28. Nd5+ Kd7 29. Qe3 Qf1+ 30. Kg3 Qe2 31. Nf6+ Kd8 32. Qg5 Kc8 33. h3 Bc6 34. d5 Bd7 35. Nxh7 Qxc2 36. Qe7 b6 37. Nf6 Qxb3+ 38. Kh2 Bb5 39. Qf8+ Kb7 40. Qxf7 Qxb2 41. Qe6 Qd4 42. Ne4 a5 43. d6 a4 44. Qe7 a3 45. dxc7 a2 46. Qd8 Qe5+ 47. Ng3 Qxc7 48. Qd5+ Bc6 49. Qxa2 1/2-1/2

[Event "American Continental 13th"]
[Site "Medellin"]
[Date "2017.06.12"]
[Round "4"]
[White "Posada, Juan Manuel"]
[Black "Lopez Gonzalez, Abel Fabian"]
[Result "1/2-1/2"]
[WhiteElo "2153"]
[BlackElo "2351"]
[PlyCount "61"]
[EventDate "2017.06.10"]
[EventType "swiss"]
[EventRounds "11"]
[EventCountry "COL"]
[SourceTitle "CBM 178 Extra"]
[Source "ChessBase"]
[SourceDate "2017.06.22"]
[SourceVersion "1"]
[SourceVersionDate "2017.06.22"]
[SourceQuality "1"]

1. e4 d5 2. exd5 Nf6 3. Nf3 Bg4 4. Bb5+ Nbd7 5. h3 a6 6. Bxd7+ Bxd7 7. c4 b5 8. d3 e6 9. Qe2 Be7 10. dxe6 Bxe6 11. 0-0 0-0 12. Nc3 Rb8 13. Bf4 Nh5 14. Bh2 Bd6 15. Bxd6 Qxd6 16. Ne4 Qd8 17. Rfd1 h6 18. Nc5 Re8 19. Qd2 Rb6 20. a4 Bxh3 21. gxh3 Rg6+ 22. Kh1 Qf6 23. Ng1 Qc6+ 24. Ne4 f5 25. axb5 Qa8 26. f3 fxe4 27. dxe4 Kh7 28. Qd5 Qa7 29. Qd4 Ng3+ 30. Kh2 Nf1+ 31. Kh1 1/2-1/2

[Event "American Continental 13th"]
[Site "Medellin"]
[Date "2017.06.11"]
[Round "3"]
[White "Baules Rodriguez, Jorge Luis"]
[Black "Posada, Juan Manuel"]
[Result "1/2-1/2"]
[WhiteElo "2355"]
[BlackElo "2153"]
[PlyCount "64"]
[EventDate "2017.06.10"]
[EventType "swiss"]
[EventRounds "11"]
[EventCountry "COL"]
[SourceTitle "CBM 178 Extra"]
[Source "ChessBase"]
[SourceDate "2017.06.22"]
[SourceVersion "1"]
[SourceVersionDate "2017.06.22"]
[SourceQuality "1"]

1. e4 c5 2. c3 Nf6 3. e5 Nd5 4. d4 cxd4 5. Nf3 Nc6 6. cxd4 d6 7. Bc4 Nb6 8. Bb5 d5 9. 0-0 Bg4 10. h3 Bd7 11. Nc3 e6 12. Be3 Be7 13. Rc1 Na5 14. Bd3 Nac4 15. Qe2 0-0 16. b3 Nxe3 17. fxe3 f5 18. exf6 Bxf6 19. Qc2 g6 20. Ne2 Qe7 21. Qc5 Qg7 22. Nf4 Be7 23. Qc7 Rab8 24. Qc3 Bd6 25. Ne5 Rbc8 26. Qb2 Qe7 27. Qe2 Rxc1 28. Rxc1 Qf6 29. Qb2 g5 30. Nh5 Qh6 31. Nxd7 Nxd7 32. Qe2 Nf6 1/2-1/2

[Event "Medellin Easter op 7th"]
[Site "Medellin"]
[Date "2017.04.13"]
[Round "3"]
[White "Posada, Juan Manuel"]
[Black "Marquez Velez, Juan Diego"]
[Result "1-0"]
[WhiteElo "2132"]
[BlackElo "1896"]
[PlyCount "69"]
[EventDate "2017.04.12"]
[EventType "swiss"]
[EventRounds "8"]
[EventCountry "COL"]
[SourceTitle "CBM 177 Extra"]
[Source "ChessBase"]
[SourceDate "2017.04.27"]
[SourceVersion "1"]
[SourceVersionDate "2017.04.27"]
[SourceQuality "1"]

1. e4 e5 2. Nf3 d6 3. d4 Nd7 4. Bc4 c6 5. Nc3 b5 6. Bb3 a6 7. dxe5 dxe5 8. 0-0 Be7 9. Be3 Ngf6 10. Qe2 0-0 11. Rad1 Qc7 12. Bg5 h6 13. Bh4 Re8 14. Bg3 Bf8 15. a4 Nc5 16. Nd2 b4 17. Ncb1 Nxb3 18. cxb3 Nd7 19. Nc4 Nc5 20. Qh5 Nxe4 21. Bxe5 g6 22. Qxg6+ fxg6 23. Bxc7 Bc5 24. Nbd2 Bf5 25. Nxe4 Bxe4 26. Bd6 Ba7 27. Bxb4 Bc2 28. Rd6 Bxb3 29. Rxg6+ Kh7 30. Rxc6 Bxa4 31. Rc7+ Kg6 32. Bc3 Re2 33. Nd6 Bc2 34. Rg7+ Kh5 35. Bf6 1-0

[Event "Medellin Construct op"]
[Site "Medellin"]
[Date "2017.01.29"]
[Round "7"]
[White "Panesso Rivera, Henry"]
[Black "Posada, Juan Manuel"]
[Result "1/2-1/2"]
[WhiteElo "2421"]
[BlackElo "2085"]
[PlyCount "113"]
[EventDate "2017.01.25"]
[EventType "swiss"]
[EventRounds "7"]
[EventCountry "COL"]
[SourceTitle "CBM 176 Extra"]
[Source "ChessBase"]
[SourceDate "2017.03.02"]
[SourceVersion "1"]
[SourceVersionDate "2017.03.02"]
[SourceQuality "1"]

1. d4 Nf6 2. Nf3 g6 3. g3 Bg7 4. Bg2 0-0 5. 0-0 d5 6. c4 dxc4 7. Na3 c3 8. bxc3 c5 9. Nh4 Nd5 10. Bb2 Nb6 11. Rc1 Na6 12. Ba1 e5 13. dxe5 Bxe5 14. c4 Bxa1 15. Rxa1 Qe7 16. Qb3 Nb4 17. f4 Bg4 18. e4 Rad8 19. f5 Qe5 20. Qe3 Qd4 21. Qxd4 Rxd4 22. Nb5 Rd2 23. a3 Nc2 24. Rab1 Nxc4 25. Nxa7 g5 26. Nf3 Rxg2+ 27. Kxg2 N2e3+ 28. Kg1 Nxf1 29. Rxf1 Bxf3 30. Rxf3 Re8 31. f6 Rxe4 32. Nc8 h5 33. Rb3 Re6 34. Rxb7 Rxf6 35. Rc7 Ne3 36. h3 Rf1+ 37. Kh2 c4 38. Nd6 g4 39. hxg4 Nxg4+ 40. Kg2 Rf2+ 41. Kg1 Rc2 42. Nb5 Ne3 43. Rc5 Rg2+ 44. Kh1 Rxg3 45. Rxh5 f5 46. Rh4 Ng4 47. Nd4 c3 48. Rh5 Ne3 49. a4 Rg4 50. Ne2 c2 51. Rh3 Nd1 52. Ra3 Re4 53. Nc1 Re1+ 54. Kg2 Nb2 55. Na2 Ra1 56. Rc3 Rxa2 57. Rxc2 1/2-1/2

[Event "Medellin Construct op"]
[Site "Medellin"]
[Date "2017.01.28"]
[Round "4"]
[White "Paniagua, Fabio de Jesus"]
[Black "Posada, Juan Manuel"]
[Result "0-1"]
[WhiteElo "1847"]
[BlackElo "2085"]
[PlyCount "52"]
[EventDate "2017.01.25"]
[EventType "swiss"]
[EventRounds "7"]
[EventCountry "COL"]
[SourceTitle "CBM 176 Extra"]
[Source "ChessBase"]
[SourceDate "2017.03.02"]
[SourceVersion "1"]
[SourceVersionDate "2017.03.02"]
[SourceQuality "1"]

1. Nf3 Nf6 2. g3 g6 3. Bg2 Bg7 4. 0-0 0-0 5. c4 d5 6. cxd5 Nxd5 7. Nc3 Nb6 8. d3 Nc6 9. Be3 e5 10. Rc1 Nd4 11. Ne4 h6 12. Nxd4 exd4 13. Bd2 Nd5 14. Qb3 c6 15. Rfe1 Re8 16. Qc2 f5 17. Nc5 b6 18. Nb3 Bb7 19. a4 a5 20. h4 Kh7 21. Bf3 Qd6 22. Kg2 Re7 23. Rh1 c5 24. Rcg1 Rxe2 25. Qd1 Rae8 26. Nc1 Nc3 0-1

[Event "Medellin Construct op"]
[Site "Medellin"]
[Date "2017.01.26"]
[Round "2"]
[White "Escobar Medina, Andres F"]
[Black "Posada, Juan Manuel"]
[Result "1/2-1/2"]
[WhiteElo "2315"]
[BlackElo "2085"]
[PlyCount "78"]
[EventDate "2017.01.25"]
[EventType "swiss"]
[EventRounds "7"]
[EventCountry "COL"]
[SourceTitle "CBM 176 Extra"]
[Source "ChessBase"]
[SourceDate "2017.03.02"]
[SourceVersion "1"]
[SourceVersionDate "2017.03.02"]
[SourceQuality "1"]

1. e4 c5 2. Nf3 Nc6 3. Bb5 g6 4. d3 Bg7 5. Nc3 Nd4 6. Bc4 e6 7. Nxd4 cxd4 8. Ne2 Ne7 9. Bb3 d5 10. Bg5 dxe4 11. dxe4 Qa5+ 12. Bd2 Qc7 13. c3 dxc3 14. Bxc3 0-0 15. 0-0 Rd8 16. Qe1 Bxc3 17. Nxc3 Nc6 18. Qe3 Nd4 19. e5 Nf5 20. Qf4 Rd4 21. Ne4 Bd7 22. Rad1 Rxd1 23. Rxd1 Bc6 24. Nd6 a5 25. h4 a4 26. Bc2 Ra5 27. Bxf5 exf5 28. Nc4 Rd5 29. Rxd5 Bxd5 30. Nd6 Qc6 31. h5 Qc2 32. Qd4 Qc1+ 33. Kh2 Bc6 34. Qh4 g5 35. Qd4 Qf1 36. f3 Bxf3 37. gxf3 Qe2+ 38. Kg1 Qxf3 39. Ne8 Qe2 1/2-1/2

[Event "Medellin Antioquia Cup"]
[Site "Medellin"]
[Date "2016.10.15"]
[Round "6"]
[White "Posada, Juan Manuel"]
[Black "Quinonez Garcia, Santiago"]
[Result "1/2-1/2"]
[WhiteElo "2039"]
[BlackElo "2179"]
[PlyCount "69"]
[EventDate "2016.10.12"]
[EventType "swiss"]
[EventRounds "8"]
[EventCountry "COL"]
[SourceTitle "CBM 175 Extra"]
[Source "ChessBase"]
[SourceDate "2016.12.12"]
[SourceVersion "1"]
[SourceVersionDate "2016.12.12"]
[SourceQuality "1"]

1. e4 c5 2. Nf3 g6 3. g3 Bg7 4. Bg2 Nc6 5. 0-0 e5 6. d3 Nge7 7. Nc3 d6 8. Be3 0-0 9. Qd2 f6 10. Ne1 Nd4 11. Nd1 f5 12. f4 Nec6 13. c3 Ne6 14. Nf2 Bd7 15. Rd1 Qa5 16. a3 Qa4 17. Nf3 Rad8 18. Nh4 g5 19. b3 Qxb3 20. Nxf5 exf4 21. gxf4 Bxc3 22. Qe2 gxf4 23. Rb1 Qxa3 24. Qg4+ Kh8 25. Bxf4 Rg8 26. Qh4 Nxf4 27. Qxf4 Be5 28. Qh4 Bxf5 29. exf5 Nd4 30. Ng4 Rxg4 31. Qxg4 Qxd3 32. Rxb7 Rg8 33. Rxh7+ Kxh7 34. Qh4+ Kg7 35. Qe7+ 1/2-1/2

[Event "Pan American-ch U20"]
[Site "Guatape"]
[Date "2016.06.22"]
[Round "5"]
[White "Posada, Juan Manuel"]
[Black "Ruiz Agudelo, Santiago"]
[Result "1/2-1/2"]
[WhiteElo "2041"]
[BlackElo "1722"]
[PlyCount "72"]
[EventDate "2016.06.20"]
[EventType "swiss"]
[EventRounds "9"]
[EventCountry "COL"]
[SourceTitle "EXT 2017"]
[Source "ChessBase"]
[SourceDate "2016.10.25"]
[SourceVersion "1"]
[SourceVersionDate "2016.10.25"]
[SourceQuality "1"]

1. e4 c5 2. Nf3 d6 3. d4 cxd4 4. Nxd4 Nf6 5. Nc3 a6 6. Bg5 e6 7. f4 Be7 8. Qf3 h6 9. Qh3 b5 10. Bd3 Bb7 11. e5 Nd5 12. Nxe6 fxe6 13. Bg6+ Kd7 14. Bf7 hxg5 15. Qxe6+ Kc7 16. Nxd5+ Bxd5 17. Qxd5 Nc6 18. 0-0-0 dxe5 19. Qb3 Nd4 20. Qe3 Rf8 21. Bh5 Rf5 22. fxe5 Bc5 23. b4 Bb6 24. Qc3+ Kb8 25. Rhe1 Ra7 26. e6 Rc7 27. Qg3 Qe7 28. c3 Ka7 29. Kb1 Nxe6 30. Bg4 Bf2 31. Rxe6 Bxg3 32. Rxe7 Rxe7 33. Bxf5 Bxh2 34. g4 Be5 35. Rd3 Rc7 36. Kc2 Kb6 1/2-1/2

[Event "COL-ch U20"]
[Site "Medellin"]
[Date "2016.03.18"]
[Round "5"]
[White "Posada, Juan Manuel"]
[Black "Blandon, Luis Guillermo"]
[Result "1/2-1/2"]
[WhiteElo "2008"]
[BlackElo "2245"]
[PlyCount "73"]
[EventDate "2016.03.16"]
[EventType "swiss"]
[EventRounds "7"]
[EventCountry "COL"]
[SourceTitle "CBM 171 Extra"]
[Source "ChessBase"]
[SourceDate "2016.04.26"]
[SourceVersion "1"]
[SourceVersionDate "2016.04.26"]
[SourceQuality "1"]

1. e4 c5 2. Nf3 d6 3. d4 cxd4 4. Nxd4 Nf6 5. Nc3 g6 6. g3 Bg4 7. Qd3 Nc6 8. Nxc6 bxc6 9. Bg2 Qc8 10. 0-0 h5 11. h4 Bh3 12. Bg5 Bxg2 13. Kxg2 Nd7 14. Qd4 Rg8 15. Rad1 Bg7 16. Qd2 Qb7 17. Rfe1 Ne5 18. b3 0-0-0 19. Ne2 Rd7 20. c4 Rgd8 21. Qc2 Kb8 22. Bf4 Ka8 23. Bxe5 Bxe5 24. Ng1 Bg7 25. f4 d5 26. e5 dxc4 27. Rxd7 Qxd7 28. Qxc4 Qd5+ 29. Qe4 e6 30. Nf3 Bf8 31. Qa4 Bc5 32. Re2 Kb7 33. Rd2 Qxd2+ 34. Nxd2 Rxd2+ 35. Kf3 Rd4 36. Qa5 Bb4 37. Qa4 1/2-1/2

[Event "Medellin Navideno op"]
[Site "Medellin"]
[Date "2015.12.12"]
[Round "4"]
[White "Posada, Juan Manuel"]
[Black "Pena, Alcides"]
[Result "1-0"]
[WhiteElo "2033"]
[BlackElo "1810"]
[PlyCount "49"]
[EventDate "2015.12.10"]
[EventType "swiss"]
[EventRounds "7"]
[EventCountry "COL"]
[SourceTitle "CBM 169 Extra"]
[Source "ChessBase"]
[SourceDate "2015.12.18"]
[SourceVersion "1"]
[SourceVersionDate "2015.12.18"]
[SourceQuality "1"]

1. e4 c5 2. Nf3 d6 3. d4 cxd4 4. Nxd4 Nf6 5. Nc3 e6 6. Bd3 a6 7. 0-0 Be7 8. Be3 b5 9. a4 b4 10. Na2 a5 11. c3 bxc3 12. Nxc3 0-0 13. Rc1 Bd7 14. f4 Nc6 15. Ndb5 Nb4 16. Bb1 Bc6 17. Qe2 Qb8 18. Rfd1 Rd8 19. Nd4 Bb7 20. Bf2 Rd7 21. g4 g6 22. g5 Ne8 23. Qg4 Ng7 24. f5 Qd8 25. f6 1-0

[Event "Medellin Flores op 20th"]
[Site "Medellin"]
[Date "2014.08.08"]
[Round "5"]
[White "Posada, Juan Manuel"]
[Black "Montoya Zapata, Santiago"]
[Result "1-0"]
[WhiteElo "2095"]
[BlackElo "1833"]
[PlyCount "79"]
[EventDate "2014.08.06"]
[EventType "swiss"]
[EventRounds "9"]
[EventCountry "COL"]
[SourceTitle "CBM 162 Extra"]
[Source "ChessBase"]
[SourceDate "2014.10.17"]
[SourceVersion "1"]
[SourceVersionDate "2014.10.17"]
[SourceQuality "1"]

1. e4 c5 2. Nf3 e6 3. d3 Ne7 4. Nbd2 g6 5. g3 Bg7 6. Bg2 0-0 7. 0-0 Nbc6 8. c3 d5 9. Re1 e5 10. Qc2 h6 11. a3 Be6 12. b4 cxb4 13. axb4 Qc7 14. Qb2 f5 15. b5 Na5 16. Qb4 b6 17. Ba3 Nc8 18. Nh4 Qf7 19. exd5 Bxd5 20. Bxd5 Qxd5 21. Nxg6 Re8 22. Nc4 Kh7 23. Nh4 e4 24. Nxa5 bxa5 25. Qxa5 Nb6 26. dxe4 fxe4 27. Bb4 e3 28. fxe3 Qg5 29. Qa2 Rxe3 30. Qc2+ Kg8 31. Nf5 Rxe1+ 32. Rxe1 Nd5 33. Qe4 Rd8 34. Ba5 Nb6 35. Nxg7 Qxg7 36. Bxb6 axb6 37. Qe6+ Kh7 38. Qxb6 Rd3 39. Qf2 Rxc3 40. Qf5+ 1-0

[Event "Pan American-ch U18"]
[Site "Oaxtepec"]
[Date "2014.07.15"]
[Round "8"]
[White "Gracia Alvarez, Gerardo Antonio"]
[Black "Posada, Juan Manuel"]
[Result "1-0"]
[WhiteElo "2059"]
[BlackElo "2156"]
[PlyCount "61"]
[EventDate "2014.07.11"]
[EventType "swiss"]
[EventRounds "9"]
[EventCountry "MEX"]
[SourceTitle "EXT 2022"]
[Source "ChessBase"]
[SourceDate "2021.10.06"]
[SourceVersion "1"]
[SourceVersionDate "2021.10.06"]
[SourceQuality "1"]

1. d4 Nf6 2. c4 d6 3. Nf3 Nbd7 4. Nc3 c6 5. e4 e5 6. Be2 Be7 7. 0-0 0-0 8. Re1 Re8 9. Bf1 Bf8 10. d5 c5 11. a3 g6 12. g3 Bg7 13. Bg2 Nh5 14. Bg5 Bf6 15. Be3 Ng7 16. b4 b6 17. Rb1 Be7 18. Nd2 f5 19. exf5 Nxf5 20. Nde4 Nf6 21. bxc5 bxc5 22. Bxc5 Bd7 23. Be3 Rc8 24. c5 Nxe4 25. Nxe4 Nxe3 26. fxe3 dxc5 27. d6 Bf8 28. Rb7 Kh8 29. Rxa7 c4 30. Qd5 c3 31. Qf7 1-0

[Event "Antioquia-ch"]
[Site "Bagre Antioquia"]
[Date "2014.04.30"]
[Round "10"]
[White "Ruiz Castillo, Joshua Daniel"]
[Black "Posada, Juan Manuel"]
[Result "1/2-1/2"]
[WhiteElo "2366"]
[BlackElo "2134"]
[PlyCount "121"]
[EventDate "2014.04.23"]
[EventType "tourn"]
[EventRounds "11"]
[EventCountry "COL"]
[SourceTitle "CBM 160 Extra"]
[Source "ChessBase"]
[SourceDate "2014.07.01"]
[SourceVersion "1"]
[SourceVersionDate "2014.07.01"]
[SourceQuality "1"]

1. e4 c5 2. Nf3 Nc6 3. d4 cxd4 4. Nxd4 e5 5. Nb5 a6 6. Nd6+ Bxd6 7. Qxd6 Qf6 8. Qxf6 Nxf6 9. Nc3 d5 10. Bd3 Nb4 11. exd5 Nbxd5 12. Nxd5 Nxd5 13. c3 Be6 14. 0-0 f6 15. Re1 Kf7 16. a4 Rhd8 17. Bf1 Rac8 18. a5 Rd7 19. Ra4 g6 20. g3 Rcd8 21. f3 Ne7 22. Kf2 Rc8 23. Be2 Bd5 24. Rd1 Ke6 25. c4 Bc6 26. Rxd7 Kxd7 27. Ra3 Nf5 28. Be3 Ke6 29. Bb6 Nd6 30. b4 Bd7 31. Bc5 Nf7 32. Rd3 f5 33. f4 e4 34. Rd2 h6 35. Ke3 Bc6 36. Bd4 Be8 37. h3 Nd6 38. Bc5 Nf7 39. g4 Bd7 40. Rd4 Bc6 41. Bd1 h5 42. g5 Bd7 43. Bb3 Be8 44. h4 Bd7 45. Rd1 Be8 46. Rd2 Bd7 47. Rd4 Be8 48. Bf8 Ba4 49. Bxa4 Rxf8 50. c5 Rd8 51. Bb3+ Ke7 52. Bxf7 Rxd4 53. Kxd4 Kxf7 54. b5 Ke7 55. c6 Kd6 56. cxb7 Kc7 57. bxa6 Kb8 58. Kc5 Kc7 59. Kb4 Kb8 60. Kc5 Kc7 61. Kb4 1/2-1/2